Statystyki dla Wszystkie gry supercella

Kliknij tutaj aby rozwiązać quiz!

Ogólne statystyki

  • Ten quiz został rozwiązany 20 razy
  • Średni wynik to 4 z 8

Statystyki odpowiedzi

WydaneGra% Poprawnych
2018Brawl Stars
100%
2016Clash Royale
88%
2012Clash of Clans
82%
2013Hay Day
76%
2014Boom Beach
41%
???Clash Mini
18%
???Clash Heroes
6%
???Squad Busters
6%

Rozkład punktacji

Percentyl według liczby udzielonych odpowiedzi

Procent ludzi z każdym wynikiem

Twoja historia wyników

Nie rozwiązałeś tego quizu